[Event "Doeberl Cup 56th"]
[Site "Canberra"]
[Date "2018.03.31"]
[Round "5"]
[White "Russell, Paul"]
[Black "Cabilin, Jeff"]
[Result "1-0"]
[WhiteElo "1897"]
[BlackElo "1948"]
[PlyCount "97"]
[EventDate "2018.03.29"]
[EventType "swiss"]
[EventRounds "9"]
[EventCountry "AUS"]
[SourceTitle "EXT 2023"]
[Source "ChessBase"]
[SourceDate "2022.10.05"]
[SourceVersion "1"]
[SourceVersionDate "2022.10.05"]
[SourceQuality "1"]

1. e4 g6 2. d4 Bg7 3. Nc3 d6 4. f4 Nd7 5. Be3 a6 6. Nf3 Nh6 7. h3 b5 8. a3 Bb7 9. Bd3 c5 10. e5 c4 11. Be4 Bxe4 12. Nxe4 Nf5 13. Bf2 d5 14. Ng3 e6 15. Nxf5 gxf5 16. Rg1 Qb6 17. g4 fxg4 18. Rxg4 Bf8 19. c3 h5 20. Rh4 Be7 21. Ng5 Bxg5 22. fxg5 0-0-0 23. Rxh5 Qc7 24. Rxh8 Rxh8 25. Qf3 Nxe5 26. dxe5 Qxe5+ 27. Be3 Qh2 28. 0-0-0 Rxh3 29. Qf4 Qe2 30. Bb6 Qh2 31. Qxh2 Rxh2 32. Rf1 Rh7 33. Bd4 Kd7 34. Kd2 Ke8 35. Ke3 Rh4 36. Rf4 Rh2 37. Rf2 Rh4 38. Kf3 a5 39. Bf6 Rh1 40. Kg3 a4 41. Rh2 Rb1 42. Rh8+ Kd7 43. Rf8 Rxb2 44. Rxf7+ Ke8 45. g6 Rb1 46. Re7+ Kd8 47. g7 Rg1+ 48. Kf2 Rg6 49. Rf7+ 1-0

[Event "Doeberl Cup 56th"]
[Site "Canberra"]
[Date "2018.03.29"]
[Round "2"]
[White "Parle, Hughston"]
[Black "Russell, Paul"]
[Result "1-0"]
[WhiteElo "2033"]
[BlackElo "1897"]
[PlyCount "79"]
[EventDate "2018.03.29"]
[EventType "swiss"]
[EventRounds "9"]
[EventCountry "AUS"]
[SourceTitle "EXT 2023"]
[Source "ChessBase"]
[SourceDate "2022.10.05"]
[SourceVersion "1"]
[SourceVersionDate "2022.10.05"]
[SourceQuality "1"]

1. e4 c5 2. Nf3 e6 3. d3 Nc6 4. Nbd2 d5 5. g3 Bd6 6. Bg2 Nge7 7. 0-0 0-0 8. Re1 f6 9. h3 Qc7 10. c3 d4 11. cxd4 cxd4 12. Nh2 e5 13. Nc4 Bb4 14. Bd2 Bxd2 15. Qxd2 Be6 16. b3 h5 17. Rec1 b5 18. Na3 Rab8 19. f4 Qd6 20. Nc2 b4 21. Ne1 f5 22. exf5 Bxf5 23. g4 Be6 24. f5 Bd5 25. Nhf3 g6 26. Qh6 Rf7 27. Ng5 Rg7 28. Bxd5+ Nxd5 29. Ne4 Qc7 30. Rc5 Nc3 31. Nf3 Nxe4 32. dxe4 Qd6 33. Rac1 Rb6 34. g5 Rd7 35. Rd5 Qe7 36. f6 Qe6 37. Nxe5 Rf7 38. Rxc6 Qe8 39. Nxf7 Qxc6 40. Qg7# 1-0

[Event "Doeberl Cup 56th"]
[Site "Canberra"]
[Date "2018.03.29"]
[Round "1"]
[White "Russell, Paul"]
[Black "Stojic, Dusan"]
[Result "0-1"]
[WhiteElo "1897"]
[BlackElo "2265"]
[PlyCount "68"]
[EventDate "2018.03.29"]
[EventType "swiss"]
[EventRounds "9"]
[EventCountry "AUS"]
[SourceTitle "CBM 187 Extra"]
[Source "ChessBase"]
[SourceDate "2018.11.04"]
[SourceVersion "1"]
[SourceVersionDate "2018.11.04"]
[SourceQuality "1"]

1. e4 c5 2. Nf3 d6 3. d4 Nf6 4. Nc3 cxd4 5. Nxd4 a6 6. f3 e5 7. Nb3 Be6 8. Be3 Nbd7 9. g4 Nb6 10. g5 Nh5 11. Qd2 Be7 12. 0-0-0 Nf4 13. Kb1 Bxg5 14. Qxd6 Qxd6 15. Rxd6 Nd7 16. Na5 Be7 17. Rd2 Bb4 18. Nc4 f6 19. a3 Bxc3 20. bxc3 Ke7 21. Nd6 g6 22. Kb2 Rhd8 23. c4 b6 24. Ka1 Nc5 25. Bxf4 exf4 26. e5 fxe5 27. Ne4 Nxe4 28. Rxd8 Rxd8 29. fxe4 Rd1+ 30. Kb2 f3 31. Kc3 Bh3 32. Bxh3 Rxh1 33. Kd3 Re1 34. Kd2 f2 0-1

[Event "AUS-ch Major"]
[Site "Cammeray"]
[Date "2018.01.12"]
[Round "11"]
[White "Russell, Paul"]
[Black "Ball, Christopher"]
[Result "0-1"]
[WhiteElo "1922"]
[BlackElo "1874"]
[PlyCount "78"]
[EventDate "2018.01.02"]
[EventType "swiss"]
[EventRounds "11"]
[EventCountry "AUS"]
[SourceTitle "CBM 182 Extra"]
[Source "ChessBase"]
[SourceDate "2018.02.23"]
[SourceVersion "1"]
[SourceVersionDate "2018.02.23"]
[SourceQuality "1"]

1. e4 e5 2. Nf3 Nc6 3. d4 exd4 4. Nxd4 Bc5 5. Nb3 Bb6 6. Nc3 Nf6 7. Qe2 0-0 8. Be3 Re8 9. f3 d6 10. 0-0-0 Bxe3+ 11. Qxe3 Be6 12. g4 Qe7 13. g5 Nd7 14. h4 Rad8 15. f4 Nb6 16. Qf3 a5 17. Bb5 a4 18. Nd4 Nxd4 19. Rxd4 c6 20. Be2 d5 21. e5 c5 22. Rd2 d4 23. Nb5 Bd5 24. Qh3 Bxh1 25. Qxh1 Qe6 26. Kb1 Qf5 27. Qf3 Nd5 28. Bd3 Qxf4 29. Qg2 Rxe5 30. a3 Qxh4 31. Qf3 Rxg5 32. Rf2 Nf6 33. Rf1 Re5 34. Qxb7 Re1+ 35. Rxe1 Qxe1+ 36. Ka2 Qe6+ 37. Kb1 c4 38. Bxc4 Qxc4 39. Nd6 Qd5 0-1

[Event "AUS-ch Major"]
[Site "Cammeray"]
[Date "2018.01.11"]
[Round "10"]
[White "Hariman, Andre"]
[Black "Russell, Paul"]
[Result "0-1"]
[WhiteElo "1870"]
[BlackElo "1922"]
[PlyCount "88"]
[EventDate "2018.01.02"]
[EventType "swiss"]
[EventRounds "11"]
[EventCountry "AUS"]
[SourceTitle "CBM 182 Extra"]
[Source "ChessBase"]
[SourceDate "2018.02.23"]
[SourceVersion "1"]
[SourceVersionDate "2018.02.23"]
[SourceQuality "1"]

1. e4 c5 2. Nf3 e6 3. d3 d5 4. Nbd2 Nc6 5. g3 Nf6 6. Bg2 Be7 7. 0-0 0-0 8. Re1 Qc7 9. c3 b6 10. e5 Nd7 11. d4 a5 12. Nf1 Ba6 13. h4 cxd4 14. cxd4 Nb4 15. Bf4 Nd3 16. Re2 Rfc8 17. Bg5 Bf8 18. Rd2 Nb4 19. a3 Nc6 20. Rc1 a4 21. Ne3 b5 22. Rdc2 Qb7 23. h5 h6 24. Bf4 Nb6 25. g4 Nc4 26. Nxc4 bxc4 27. g5 hxg5 28. Bxg5 Qb3 29. Qd2 Ne7 30. Rc3 Qa2 31. h6 Nf5 32. hxg7 Bxg7 33. Bf6 Rab8 34. Qg5 Kf8 35. Nh4 Bxf6 36. Qxf6 Nxh4 37. Rh3 Qxb2 38. Rxh4 Qxc1+ 39. Kh2 Ke8 40. Rh8+ Kd7 41. Qxf7+ Kc6 42. Qxe6+ Kb5 43. Qxd5+ Kb6 44. Rh6+ Qxh6+ 0-1

[Event "AUS-ch Major"]
[Site "Cammeray"]
[Date "2018.01.03"]
[Round "3"]
[White "Slater Jones, Tom"]
[Black "Russell, Paul"]
[Result "1-0"]
[WhiteElo "2038"]
[BlackElo "1922"]
[PlyCount "67"]
[EventDate "2018.01.02"]
[EventType "swiss"]
[EventRounds "11"]
[EventCountry "AUS"]
[SourceTitle "CBM 182 Extra"]
[Source "ChessBase"]
[SourceDate "2018.02.23"]
[SourceVersion "1"]
[SourceVersionDate "2018.02.23"]
[SourceQuality "1"]

1. d4 Nf6 2. c4 c5 3. d5 e5 4. Nc3 d6 5. e4 Be7 6. g3 Nbd7 7. Bh3 0-0 8. Qd3 h6 9. Bd2 Nh7 10. f4 exf4 11. gxf4 Bh4+ 12. Kd1 Re8 13. Kc2 Ndf6 14. Bxc8 Rxc8 15. h3 Nh5 16. Nf3 Bg3 17. Ne2 N7f6 18. Nxg3 Nxg3 19. e5 Nxh1 20. Rxh1 Nh5 21. Rg1 Qd7 22. exd6 Qxd6 23. Qf5 Nf6 24. Bc3 Kh8 25. Ne5 Rc7 26. Rxg7 Kxg7 27. Ng4 Re2+ 28. Kd1 Rce7 29. Nxf6 Kf8 30. Nh7+ Ke8 31. Qc8+ Qd8 32. Nf6+ Kf8 33. Qxd8+ Kg7 34. Ng8+ 1-0

[Event "AUS-ch Major"]
[Site "Cammeray"]
[Date "2018.01.02"]
[Round "1"]
[White "Kiripitige, Chathula"]
[Black "Russell, Paul"]
[Result "0-1"]
[WhiteElo "1666"]
[BlackElo "1922"]
[PlyCount "30"]
[EventDate "2018.01.02"]
[EventType "swiss"]
[EventRounds "11"]
[EventCountry "AUS"]
[SourceTitle "CBM 182 Extra"]
[Source "ChessBase"]
[SourceDate "2018.02.23"]
[SourceVersion "1"]
[SourceVersionDate "2018.02.23"]
[SourceQuality "1"]

1. e4 c5 2. Nf3 e6 3. d4 cxd4 4. Nxd4 Nf6 5. Nc3 Nc6 6. Be3 Bb4 7. f3 d5 8. Bb5 Bd7 9. exd5 Nxd5 10. Bxc6 Nxe3 11. Qd2 Nc4 12. Qe2 Qh4+ 13. Kf1 Qxd4 14. Bxd7+ Ke7 15. Re1 Nd2+ 0-1

[Event "Oceania zt"]
[Site "Cammeray"]
[Date "2015.07.09"]
[Round "8"]
[White "Russell, Paul"]
[Black "Davis, Tony J"]
[Result "0-1"]
[WhiteElo "1807"]
[BlackElo "1925"]
[PlyCount "82"]
[EventDate "2015.07.04"]
[EventType "swiss"]
[EventRounds "9"]
[EventCountry "AUS"]
[SourceTitle "EXT 2017"]
[Source "ChessBase"]
[SourceDate "2016.10.25"]
[SourceVersion "1"]
[SourceVersionDate "2016.10.25"]
[SourceQuality "1"]

1. e4 e5 2. Nf3 Nc6 3. d4 exd4 4. Nxd4 Bc5 5. Nb3 Bb4+ 6. c3 Be7 7. c4 Nf6 8. Bd3 d6 9. 0-0 Ne5 10. Nc3 c6 11. Bf4 Be6 12. Qe2 Nxd3 13. Qxd3 Ng4 14. Rfd1 Qb6 15. Qg3 0-0-0 16. Bxd6 Rxd6 17. Rxd6 Bxd6 18. Qxd6 Qxf2+ 19. Kh1 Rd8 20. Qe7 Qe3 21. h3 Nf2+ 22. Kh2 Rd3 23. Qf8+ Kc7 24. Qe7+ Rd7 25. Qc5 Qxc5 26. Nxc5 Rd2 27. Nxe6+ fxe6 28. b3 Nd3 29. Rf1 Ne5 30. Rf8 Rc2 31. Na4 b5 32. Nc5 Kd6 33. Nb7+ Ke7 34. Rc8 bxc4 35. Rc7+ Kf6 36. bxc4 Rxa2 37. Nd6 a5 38. Ne8+ Kg5 39. Rxg7+ Kf4 40. Rxh7 Nf3+ 41. Kh1 Ra1# 0-1

[Event "Oceania zt"]
[Site "Cammeray"]
[Date "2015.07.07"]
[Round "5"]
[White "Rains, Edward"]
[Black "Russell, Paul"]
[Result "1-0"]
[WhiteElo "1982"]
[BlackElo "1807"]
[PlyCount "105"]
[EventDate "2015.07.04"]
[EventType "swiss"]
[EventRounds "9"]
[EventCountry "AUS"]
[SourceTitle "CBM 167 Extra"]
[Source "ChessBase"]
[SourceDate "2015.09.14"]
[SourceVersion "1"]
[SourceVersionDate "2015.09.14"]
[SourceQuality "1"]

1. e4 c5 2. Nc3 e6 3. f4 a6 4. Nf3 Nc6 5. d3 d5 6. e5 b5 7. d4 Nh6 8. Ne2 Nf5 9. c3 cxd4 10. Nexd4 Ncxd4 11. cxd4 Qb6 12. g4 Bb4+ 13. Kf2 Nh6 14. Kg3 Bd7 15. Bd2 Be7 16. Bd3 0-0 17. Qe1 a5 18. g5 Nf5+ 19. Bxf5 exf5 20. b4 axb4 21. Bxb4 Bxb4 22. Qxb4 Ra4 23. Qe7 Qe6 24. Qxe6 fxe6 25. Rhc1 Rc4 26. Rxc4 dxc4 27. Ne1 Ra8 28. Nc2 Bc6 29. a3 Be4 30. Nb4 c3 31. Kf2 c2 32. Ke2 Rxa3 33. Nxc2 Rh3 34. Nb4 Rxh2+ 35. Ke3 Rh3+ 36. Ke2 Rb3 37. Na6 Rb2+ 38. Ke3 Rb3+ 39. Ke2 Rb2+ 40. Ke3 b4 41. Nc7 Rc2 42. Nxe6 b3 43. d5 Bxd5 44. Nd4 Rh2 45. Rb1 b2 46. Ne2 Rh3+ 47. Kd4 Bf3 48. Rxb2 Bxe2 49. Rxe2 Rf3 50. e6 Rxf4+ 51. Ke5 Re4+ 52. Rxe4 fxe4 53. Kd6 1-0